Longueur des rames du métro parisien - QCM - Statistiques

Statistiques générales
  • Ce quiz a été pris 33 fois
  • Le résultat moyen est 8 sur 21
Statistiques - réponses
Question Réponse % Correct
Ligne 14 (nouveau matériel: MP14CA) 120 mètres
75%
Ligne 11 60 mètres
75%
Ligne 1 90 mètres
75%
Ligne 14 (ancien matériel: MP89CA, MP05) 90 mètres
75%
Ligne 3bis 44-46 mètres
50%
Ligne 3 75-76 mètres
50%
Ligne 6 75-76 mètres
50%
Ligne 7 77,4 mètres
50%
Ligne 8 77,4 mètres
50%
Ligne 13 77,4 mètres
50%
Ligne 4 90 mètres
50%
Future ligne 15 108 mètres
25%
Ligne 2 75-76 mètres
25%
Ligne 5 75-76 mètres
25%
Ligne 9 75-76 mètres
25%
Ligne 10 75-76 mètres
25%
Ligne 12 75-76 mètres
25%
Ligne 7bis 44-46 mètres
0%
Future ligne 18 44-46 mètres
0%
Future ligne 16 54 mètres
0%
Future ligne 17 54 mètres
0%
Aucun quiz correspondant
Distribution des résultats
% des personnes avec chaque résultat
Percentile par nombre de réponses
Votre historique - résultats
Vous n’avez pas pris ce quiz